| 000 | 01077nam a22002297a 4500 | ||
|---|---|---|---|
| 005 | 20100717114155.0 | ||
| 008 | 100717t xxu||||| |||| 00| 0 hin d | ||
| 010 | _aHIN-89716 | ||
| 020 |
_a9788126719129 _c200.00 |
||
| 035 | _aHN-62062 | ||
| 037 | _bDBAD / PUB | ||
| 040 |
_aDPL _bHN |
||
| 082 | _a305 | ||
| 100 |
_aप्रमीला के.पी. _926173 |
||
| 245 |
_aस्त्रीः यौनिकता बनाम आध्यात्मिकता / _cप्रमीला के.पी. |
||
| 246 |
_aStree: Yaunikta banam aadhyatmikta _bby Prameela K.P. |
||
| 260 |
_aनई दिल्ली _bराजकमल प्रकाशन _c2010 |
||
| 270 |
_a1-बी, नेताजी सुभाष मार्ग _bनई दिल्ली _e110002 |
||
| 300 |
_a112पृ _c22सेमी (सजिल्द) |
||
| 942 |
_2ddc _cHN _mप्रमीला _h305 |
||
| 999 |
_c37055 _d37055 |
||